000
00332nam a2200145Ia 4500
003
OSt
005
20231109075347.0
008
170524s9999 xx 000 0 und d
020
_a
0-07-011503-6
040
_c
IIMT
100
_a
CAVASELLI
245
0
_a
QUALITY AND AMES FOR TRAIUN
260
_a
TATA MC GRAW HILL
942
_2
ddc
_c
02
999
_c
2027
_d
2027